We're sorry (Element Animation) - Statistics

General Stats
  • This quiz has been taken 4 times
  • The average score is 16 of 26
Answer Stats
Answer % Correct
we
100%
we
100%
are
75%
(No
75%
(No
75%
not)
75%
not
75%
not
75%
sorry
75%
sorry
75%
sorry
75%
am
50%
Grass
50%
grass
50%
grass
50%
grass
50%
grass
50%
grass
50%
grass)
50%
I
50%
minecraft
50%
ruined
50%
today
50%
We're
50%
we're
50%
We're
50%
No matching quizzes found
Score Distribution
Percent of People with Each Score
Percentile by Number Answered
Your Score History
You have not taken this quiz